| 000 | 00611nam a2200217 a 4500 | ||
|---|---|---|---|
| 005 | 20241012063720.0 | ||
| 008 | 010910s1997 r 000 0 eng d | ||
| 020 | _a9505185715 | ||
| 035 | _aUPN01000111098 | ||
| 049 | _aCG | ||
| 050 | 4 |
_aRC459 _bH3.418 |
|
| 100 | 1 |
_aHaley, Jay, _d1923-2007 _928377 |
|
| 245 | 1 | 0 |
_aAprender y enseñar terapia / _cJay Haley ; tr. Zoraida J. Valcárcel |
| 260 |
_aBuenos Aires : _bAmorrortu, _c1997 |
||
| 300 | _a309 p. | ||
| 440 | 0 | _aBiblioteca de psicología y psicoanálisis | |
| 650 | 4 |
_aPsicoterapia _98720 |
|
| 901 | _a183820 | ||
| 902 | _aMITM/cav | ||
| 905 | _aLibro | ||
| 999 |
_c85007 _d85007 |
||